00357nam a22001097a 4500008004100000082001500041100003100056245009400087260004300181300000900224440001400233230621b xxu||||| |||| 00| 0 eng d a328.4bSOC cB.P Keith and MRS J.Sharpe aThe Table bThe Journal of the Society of Clerks-at-the-table in Commonwealth Parliaments aLondonbCommonwealth Parliamentsc1987 a316p vvolume 55